Foreign dollar bonds. (Record no. 5532)

MARC details
000 -CABECERA
campo de control de longitud fija 00808nam a2200265 a 4500
001 - NÚMERO DE CONTROL
campo de control BRCA_5843
005 - FECHA Y HORA DE LA ÚLTIMA TRANSACCIÓN
campo de control 20190320205233.0
008 - DATOS DE LONGITUD FIJA--INFORMACIÓN GENERAL
campo de control de longitud fija 140311d1937----nyu#######---#000-0#eng-#
041 ## - CÓDIGO DE LENGUA
Código de lengua del texto/banda sonora o título independiente eng
044 ## - CÓDIGO DEL PAÍS DE LA ENTIDAD EDITORA/PRODUCTORA
Código MARC del país nyu
050 #4 - SIGNATURA TOPOGRÁFICA DE LA BIBLIOTECA DEL CONGRESO
Número de clasificación HG4651
Número de documento/Ítem .F67
-- 1937
100 1# - ENTRADA PRINCIPAL--NOMBRE DE PERSONA
Nombre de persona W. Kimber, Albert.
9 (RLIN) 14796
245 10 - MENCIÓN DE TÍTULO
Título Foreign dollar bonds.
Resto del título 1937
Mención de responsabilidad, etc. by Albert W. Kimber.
260 ## - PUBLICACIÓN, DISTRIBUCIÓN, ETC.
Lugar de publicación, distribución, etc. New York.
Nombre del editor, distribuidor, etc. White, Weld and Co.
Fecha de publicación, distribución, etc. 1937
300 ## - DESCRIPCIÓN FÍSICA
Extensión 107 p.
Dimensiones 28 cm.
500 ## - NOTA GENERAL
Nota general Inicio de la publicación: 1937
500 ## - NOTA GENERAL
Nota general La biblioteca tiene: ed. 14 (1950).- ed. 17 (1953).- ed. 21 (1957).- ed. 22 (1958).
500 ## - NOTA GENERAL
Nota general Ver también P16 y U19.
500 ## - NOTA GENERAL
Nota general H104
650 14 - PUNTO DE ACCESO ADICIONAL DE MATERIA--TÉRMINO DE MATERIA
Término de materia o nombre geográfico como elemento de entrada Bonos financieros
Subdivisión geográfica Estados Unidos
9 (RLIN) 14797
650 14 - PUNTO DE ACCESO ADICIONAL DE MATERIA--TÉRMINO DE MATERIA
Término de materia o nombre geográfico como elemento de entrada Dólares
9 (RLIN) 14798
710 2# - PUNTO DE ACCESO ADICIONAL--NOMBRE DE ENTIDAD CORPORATIVA
Nombre de entidad corporativa o nombre de jurisdicción como elemento de entrada White, Weld and Co.
9 (RLIN) 14799
902 ## - CATALOGADOR
Iniciales GFM
942 ## - ELEMENTOS DE PUNTO DE ACCESO ADICIONAL (KOHA)
Fuente del sistema de clasificación o colocación Library of Congress Classification
Tipo de ítem Koha Libros
Holdings
Estado de retiro Estado de pérdida Estado dañado No para préstamo Localización permanente Ubicación/localización actual Fecha de adquisición Número de inventario Total de préstamos Signatura topográfica completa Código de barras Fecha visto por última vez Precio válido a partir de Tipo de ítem Koha
El ejemplar forma parte de la colección y puede ser consultado según las políticas vigentes.       Biblioteca del Museo Franz Mayer (Rogerio Casas-Alatriste) Biblioteca del Museo Franz Mayer (Rogerio Casas-Alatriste) 14/03/2011 H104   HG4651 .F67 1937 (H104) 6282 22/03/2019 22/03/2019 Libros